Plan partial de la ville de Beaumont en Périgord (Dordogne) (Record no. 12234)
[ view plain ]
| 000 -LEADER | |
|---|---|
| fixed length control field | 00685cem a2200157 4500 |
| 008 - FIXED-LENGTH DATA ELEMENTS--GENERAL INFORMATION | |
| fixed length control field | 700603r19681850fr a 0 fre |
| 010 ## - LIBRARY OF CONGRESS CONTROL NUMBER | |
| LC control number | gm 70000644 |
| 020 ## - INTERNATIONAL STANDARD BOOK NUMBER | |
| Terms of availability | $5.00 |
| 050 00 - LIBRARY OF CONGRESS CALL NUMBER | |
| Classification number | G5834.B3465 1272 |
| Item number | .V4 1968 |
| 100 1# - MAIN ENTRY--PERSONAL NAME | |
| Personal name | Verneilh, F. de. |
| 9 (RLIN) | 7660 |
| 245 00 - TITLE STATEMENT | |
| Title | Plan partial de la ville de Beaumont en Périgord (Dordogne) |
| Remainder of title | Treizième siècle (1272) |
| Statement of responsibility, etc. | Dessiné par F. de Verneilh; Gravé par T. Olivier. |
| 260 ## - PUBLICATION, DISTRIBUTION, ETC. (IMPRINT) | |
| Place of publication, distribution, etc. | Paris, |
| Name of publisher, distributor, etc. | Annales archéologiques |
| Date of publication, distribution, etc. | [1850?] |
| Place of publication, distribution, etc. | Ithaca, N.Y. |
| Name of publisher, distributor, etc. | Historic Urban Plans, |
| Date of publication, distribution, etc. | 1968. |
| 500 ## - GENERAL NOTE | |
| General note | Facsimile. |
| 500 ## - GENERAL NOTE | |
| General note | "Reproduced ... from the original in the Cornell University Library." |
| 500 ## - GENERAL NOTE | |
| General note | "This is number 8 of an edition limited to 500 copies." |
| Withdrawn status | Lost status | Source of classification or shelving scheme | Damaged status | Koha normalized classification for sorting | Not for loan | Home library | Current library | Date acquired | Total Checkouts | Full call number | Barcode | Date last seen | Price effective from | Koha item type |
|---|---|---|---|---|---|---|---|---|---|---|---|---|---|---|
| Dewey Decimal Classification | PER_618_920000000000000 | Good Samaritan School Library | Good Samaritan School Library | 02/25/2023 | PER618.92 | PER618.92 | 02/25/2023 | 02/25/2023 | BOOK |